|
|
|
|
| LEADER |
00000cam a22000004a 4500 |
| 001 |
musev2_45474 |
| 003 |
MdBmJHUP |
| 005 |
20230905044744.0 |
| 006 |
m o d |
| 007 |
cr||||||||nn|n |
| 008 |
010205r19831964inu o 00 0 eng d |
| 010 |
|
|
|z 83017091
|
| 020 |
|
|
|a 9780268093655
|
| 020 |
|
|
|z 9780268018498
|
| 020 |
|
|
|z 9780268018481
|
| 020 |
|
|
|z 9780268158026
|
| 035 |
|
|
|a (OCoLC)966766770
|
| 040 |
|
|
|a MdBmJHUP
|c MdBmJHUP
|
| 041 |
1 |
|
|a eng
|h lat
|
| 100 |
0 |
|
|a Thomas,
|c Aquinas, Saint,
|d 1225?-1274.
|
| 240 |
1 |
0 |
|a Summa theologica.
|k Selections.
|l English
|
| 245 |
1 |
0 |
|a Treatise on Happiness /
|c St. Thomas Aquinas ; translated by John A. Oesterle.
|
| 264 |
|
1 |
|a Notre Dame, Ind. :
|b University of Notre Dame Press,
|c 1983, 1964.
|
| 264 |
|
3 |
|a Baltimore, Md. :
|b Project MUSE,
|c 2017
|
| 264 |
|
4 |
|c ©1983, 1964.
|
| 300 |
|
|
|a 1 online resource (224 pages).
|
| 336 |
|
|
|a text
|b txt
|2 rdacontent
|
| 337 |
|
|
|a computer
|b c
|2 rdamedia
|
| 338 |
|
|
|a online resource
|b cr
|2 rdacarrier
|
| 490 |
0 |
|
|a Notre Dame series in the great books
|
| 500 |
|
|
|a Reprint. Originally published: Englewood Cliffs, N.J. : Prentice-Hall, 1964.
|
| 500 |
|
|
|a Selected translations from: Summa theologica.
|
| 505 |
0 |
|
|a Table of Contents; PREFATORY NOTE; INTRODUCTION; PROLOGUE; QUESTION I The Ultimate End of Man in General; QUESTION II In What Man's Happiness Consists; QUESTION III What Is Happiness; QUESTION IV What Is Required for Happiness; QUESTION V The Attainment of Happiness; QUESTION VI The Voluntary and the Involuntary; QUESTION VII The Circumstances of Human Acts; QUESTION VIII What the Will Wills; QUESTION IX What Moves the Will; QUESTION X The Manner In Which the Will Is Moved; QUESTION XI Enjoyment, an Act of the Will; QUESTION XII Intention.
|
| 505 |
0 |
|
|a QUESTION XIII Choice, an Act of the Will In Relation to the MeansQUESTION XIV Deliberation, Which Precedes Choice; QUESTION XV Consent, an Act of the Will in Relation to the Means; QUESTION XVI Use, an Act of the Will In Relationto the Means; QUESTION XVII Acts Commanded by the Will; QUESTION XVIII The Goodness and Malice of Human Acts in General; QUESTION XIX The Goodness and Malice of the Interior Act of the Will; QUESTION XX The Goodness and Malice of External Human Acts; QUESTION XXI What Follows upon Human Acts by Reason of Their Being Good or Evil.
|
| 588 |
|
|
|a Description based on print version record.
|
| 650 |
|
7 |
|a Happiness
|x Moral and ethical aspects.
|2 fast
|0 (OCoLC)fst00951165
|
| 650 |
|
7 |
|a Christian ethics.
|2 fast
|0 (OCoLC)fst00859107
|
| 650 |
|
7 |
|a PHILOSOPHY
|x Ethics & Moral Philosophy.
|2 bisacsh
|
| 650 |
|
6 |
|a Bonheur
|x Aspect moral
|v Ouvrages avant 1800.
|
| 650 |
|
0 |
|a Christian ethics
|v Early works to 1800.
|
| 650 |
|
0 |
|a Happiness
|x Moral and ethical aspects
|v Early works to 1800.
|
| 655 |
|
7 |
|a Early works.
|2 fast
|0 (OCoLC)fst01411636
|
| 655 |
|
7 |
|a Electronic books.
|2 local
|
| 700 |
1 |
|
|a Oesterle, John A.
|
| 710 |
2 |
|
|a Project Muse.
|e distributor
|
| 830 |
|
0 |
|a Book collections on Project MUSE.
|
| 856 |
4 |
0 |
|z Texto completo
|u https://projectmuse.uam.elogim.com/book/45474/
|
| 945 |
|
|
|a Project MUSE - Custom Collection
|
| 945 |
|
|
|a Project MUSE - Archive Complete Supplement V
|
| 945 |
|
|
|a Project MUSE - Archive Philosophy and Religion Supplement V
|